000 00655nam a2200193 i 4500
001 63575
003 ES-MaACL
005 20230906164920.0
007 t|
008 031212s1968 sp ||||1| spa d
100 1 _aFerriman, David G.
_950581
245 1 0 _aSinopsis de endocrinología y metabolismo /
_cpor David G. Ferriman y Ian C. Gilliland ; prólogo por R.I.S. Bayliss ; [versión A. Garrido Juan].
260 _aBarcelona :
_bCientífico Médica,
_c1968.
300 _a205 p. ;
_c19 cm.
700 1 _aGilliland, Ian C.
_956978
700 1 _aBayliss, R. I. S.
_926679
700 1 _aGarrido Juan, A.
_955707
852 _aES-MaACL
_jC-35494
_bR.68514
999 _c63575
_d63575